| 000 | 00837nam a22002537a 4500 | ||
|---|---|---|---|
| 999 |
_c3984 _d3984 |
||
| 001 | 3380480 | ||
| 003 | Nust | ||
| 005 | 20170105101617.0 | ||
| 008 | 901214s1987 pk acfh 000 0 urd | ||
| 010 | _a 87932136 | ||
| 020 | _a9789693517552 | ||
| 040 |
_aDLC _cDLC |
||
| 050 | 0 | 0 | _aMLCMA 94/1189 (D) |
| 082 |
_a923.5 _bSHA |
||
| 100 | 1 |
_aShahāb, Qudratullāh, _d1920-1986. |
|
| 245 | 1 | 0 |
_aShahābnāmah / _cQudratullāh Shahāb. |
| 260 |
_aLāhaur : _bSang-i Mīl Pablīkeshanz, _c2013. |
||
| 300 |
_a1181 p., [52] p. of plates : _bill., facsims., ports. ; _c25 cm. |
||
| 500 | _aIn Urdu. | ||
| 520 | _aAutobiography of an eminent Urdu litterateur, educationist, and former Pakistani civil servant. | ||
| 906 |
_a7 _bcbc _corignew _d4 _encip _f19 _gy-gencatlg |
||
| 942 |
_2ddc _cBK |
||